Target toeic

Upgrading TOEIC test - taking skills

Đã lưu trong:
书目详细资料
主要作者: Taylor, Anne
格式: 图书
语言:Undetermined
出版: TP.HCM Trẻ 2010
主题:
在线阅读:http://lrc.tdmu.edu.vn/opac/search/detail.asp?aID=2&ID=7813
标签: 添加标签
没有标签, 成为第一个标记此记录!
Thư viện lưu trữ: Trung tâm Học liệu Trường Đại học Thủ Dầu Một
LEADER 00610nam a2200205Ia 4500
001 TDMU_7813
008 210410s9999 xx 000 0 und d
082 |a 428 TOEIC 
090 |b T112 
100 |a Taylor, Anne 
245 0 |a Target toeic 
245 0 |c Anne Taylor 
260 |a TP.HCM 
260 |b Trẻ 
260 |c 2010 
300 |a 316tr 
520 |a Upgrading TOEIC test - taking skills 
650 |a Tiếng Anh  |x Sách luyện thi; English  |x Toeic 
856 |u http://lrc.tdmu.edu.vn/opac/search/detail.asp?aID=2&ID=7813 
980 |a Trung tâm Học liệu Trường Đại học Thủ Dầu Một